EA FC26 All Gold Ivory Coast Players - Statistics

General Stats
  • This quiz has been taken 29 times
  • The average score is 7 of 20
Answer Stats
Rate Club Answer % Correct
79 Man United Amad Diallo
81%
81 AS Roma Evan Ndicka
71%
80 Sporting Ousmane Diomande
67%
80 Villarreal Nicolas Pepe
52%
80 Al Ahli Franck Kessie
48%
77 Nottingnham Ibrahim Sangare
48%
79 Aston Villa Evann Guessand
43%
80 Galatasaray Wilfried Singo
33%
79 Wolves Emmanuel Agbadou
29%
80 Atalanta Odilon Koussounou
29%
77 Charlotte Wilfried Zaha
29%
75 Basel Benie Traore
24%
77 Marseille Hamed Traore
24%
77 Strasbourg Guela Doue
19%
77 FC Utrecht Sebastien Haller
19%
77 Stade Rennais Seko Fofana
19%
76 Sunderland Simon Adingra
19%
76 Rizespor Yahia Fofana
19%
76 Nice Jeremie Boga
10%
77 Chicago Fire Jonathan Bamba
10%
No matching quizzes found
Score Distribution
Percent of People with Each Score
Percentile by Number Answered
Your Score History
You have not taken this quiz